Fr. Conceicao Rodrigues College of Engineering

Electromagnetic field theory and transmission lines (Record no. 22338)

MARC details
000 -LEADER
fixed length control field 00385nam a2200169Ia 4500
082 ## - DEWEY DECIMAL CLASSIFICATION NUMBER
Classification number 530.141
Item number RAJ
100 ## - MAIN ENTRY--PERSONAL NAME
Personal name Raju/G.S.N
245 ## - TITLE STATEMENT
Title Electromagnetic field theory and transmission lines
260 ## - PUBLICATION, DISTRIBUTION, ETC.
Name of publisher, distributor, etc. Pearson Education
Date of publication, distribution, etc. 2005
366 ## - TRADE AVAILABILITY INFORMATION
Publishers's discount category 25
300 ## - PHYSICAL DESCRIPTION
Extent 583
546 ## - LANGUAGE NOTE
Language note ENGLISH
650 ## - SUBJECT ADDED ENTRY--TOPICAL TERM
Topical term or geographic name entry element Electromagnetics
654 ## - SUBJECT ADDED ENTRY--FACETED TOPICAL TERMS
Focus term electromagnetic
942 ## - ADDED ENTRY ELEMENTS (KOHA)
Koha item type BOOK
Holdings
Withdrawn status Lost status Damaged status Not for loan Collection Home library Current library Date acquired Source of acquisition Cost, normal purchase price Inventory number Total Checkouts Full call number Barcode Date last seen Cost, replacement price Price effective from Koha item type
        CRC Fr. Agnel's C.Rodrigues College of Engineering Fr. Agnel's C.Rodrigues College of Engineering 17/03/2023 Dharma Enterprises 262.50 1576 dt 06/08/2009   530.141 RAJ 19927 17/03/2023 350.00   BOOK
        CRC Fr. Agnel's C.Rodrigues College of Engineering Fr. Agnel's C.Rodrigues College of Engineering 17/03/2023 Dharma Enterprises 262.50 1576 dt 06/08/2009   530.141 RAJ 19928 17/03/2023 350.00   BOOK
        CRC Fr. Agnel's C.Rodrigues College of Engineering Fr. Agnel's C.Rodrigues College of Engineering 17/03/2023 Dharma Enterprises 262.50 1576 dt 06/08/2009   530.141 RAJ 19929 17/03/2023 350.00   BOOK